[Event "41st Olympiad Women 2014"]
[Site "Tromso NOR"]
[Date "2014.08.06"]
[Round "5.18"]
[Board "4"]
[White "Fomina, Tatyana"]
[Black "Novak, Ksenija"]
[Result "1-0"]
[WhiteTitle "WIM"]
[BlackTitle "WFM"]
[WhiteElo "2216"]
[BlackElo "2074"]
[WhiteTeam "Estonia"]
[BlackTeam "Slovenia"]
[WhiteFideId "4500156"]
[BlackFideId "14604272"]
[EventDate "2014.08.02"]

1. d4 d5 2. Nc3 Nf6 3. Bg5 Nbd7 4. e3 g6 5. Nf3 Bg7 6. Ne5 c6 7. f4 O-O 8. Be2
Ne8 9. Nd3 Ndf6 10. O-O Nd6 11. Bf3 Bf5 12. Nf2 Be4 13. Bxf6 Bxf3 14. Qxf3 exf6
15. g4 f5 16. g5 Nc4 17. Rfe1 Qa5 18. Ne2 Rfe8 19. Ng3 Bxd4 20. Nf1 Bxb2 21.
Rab1 Bc3 22. Re2 b5 23. Rb3 b4 24. Nd3 Qxa2 25. Nxb4 Bxb4 26. Rxb4 Rab8 27. Rxb8
Rxb8 28. h4 Rb2 29. e4 fxe4 30. Qg4 Qa6 31. h5 Rb1 32. Qd7 Rb8 33. hxg6 hxg6 34.
Qh3 Qb6+ 35. Kh1 Qd4 36. Rh2 Qg7 37. Qd7 Qa1 38. Qh3 Ne3 39. Qh7+ Kf8 40. Qh8+
Qxh8 41. Rxh8+ Kg7 42. Rxb8 Nxf1 43. Rc8 Ng3+ 44. Kh2 Ne2 45. Rxc6 Nxf4 46. Rd6
Kf8 47. Kg3 Ke7 48. Ra6 Ne2+ 49. Kf2 Nd4 50. c3 Nf3 51. Ke3 Nxg5 52. Ra5 f5 53.
Rxd5 Ke6 54. Ra5 Nf7 55. Kd4 Nd8 56. Ra6+ Kd7 57. Rxg6 Nc6+ 58. Ke3 a5 59. Rf6
Ne7 60. c4 Kc7 61. Re6 Nc6 62. Rf6 Ne5 63. Kd4 Nc6+ 64. Kc5 Ne7 65. Ra6 e3 66.
Re6 Kd7 67. Rxe3 Nc6 68. Rd3+ Kc7 69. Rd6 Nb4 70. Rf6 Nd3+ 71. Kd4 Nb4 72. Rxf5
Nc6+ 73. Ke4 1-0

[Event "41st Olympiad Women 2014"]
[Site "Tromso NOR"]
[Date "2014.08.06"]
[Round "5.19"]
[Board "1"]
[White "Vargas, Gabriela"]
[Black "Franco Valencia, Beatriz Irene"]
[Result "1/2-1/2"]
[WhiteTitle "WFM"]
[BlackTitle "WIM"]
[WhiteElo "2112"]
[BlackElo "2210"]
[WhiteTeam "Paraguay"]
[BlackTeam "Colombia"]
[WhiteFideId "3700860"]
[BlackFideId "4402618"]
[EventDate "2014.08.02"]

1. d4 d6 2. Bg5 h6 3. Bh4 g5 4. Bg3 Bg7 5. c3 Bf5 6. e3 Nf6 7. Bd3 Qd7 8. Nf3
Ne4 9. Qc2 Nxg3 10. hxg3 Bxd3 11. Qxd3 c5 12. Nxg5 cxd4 13. cxd4 Qc6 14. Nf3
Qc1+ 15. Qd1 Qxb2 16. Nbd2 Qb5 17. Rb1 Qd7 18. Qb3 b6 19. O-O O-O 20. Rfc1 Nc6
21. Rc2 Na5 22. Qd3 Rfc8 23. Rbc1 d5 24. Qa6 Rxc2 25. Rxc2 e6 26. Ne5 Bxe5 27.
dxe5 Nc6 28. Qa4 Nxe5 29. Qf4 Ng6 30. Qxh6 Rc8 31. Rxc8+ Qxc8 32. Nf3 Qc1+ 33.
Kh2 Qc3 34. Nd4 Qc8 35. f4 Qf8 36. Qg5 Qg7 37. f5 Nf8 38. Qh4 Qh7 39. fxe6 Nxe6
40. Nxe6 fxe6 41. Kg1 Qb1+ 42. Kh2 Qh7 43. Kg1 Qb1+ 44. Kh2 1/2-1/2

[Event "41st Olympiad Women 2014"]
[Site "Tromso NOR"]
[Date "2014.08.06"]
[Round "5.19"]
[Board "2"]
[White "Rivera, Ingris"]
[Black "Perez Rodriguez, Jennifer"]
[Result "1-0"]
[WhiteTitle "WIM"]
[BlackTitle "WIM"]
[WhiteElo "2210"]
[BlackElo "2211"]
[WhiteTeam "Colombia"]
[BlackTeam "Paraguay"]
[WhiteFideId "4402472"]
[BlackFideId "3507831"]
[EventDate "2014.08.02"]

1. d4 Nf6 2. c4 e5 3. dxe5 Ng4 4. Bf4 g5 5. Bg3 Nc6 6. Nf3 Bg7 7. Nc3 Ngxe5 8.
Nxe5 Nxe5 9. e3 d6 10. Be2 Be6 11. Rc1 Qd7 12. b3 O-O 13. h4 g4 14. h5 f5 15.
Nd5 Rae8 16. Kf1 Nc6 17. Bf4 Kh8 18. Qd2 Bxd5 19. cxd5 Ne5 20. Qa5 c6 21. dxc6
Nxc6 22. Qd5 Be5 23. g3 Qe7 24. Bb5 Rc8 25. Bxc6 bxc6 26. Rxc6 Rxc6 27. Qxc6 Qe6
28. Bxe5+ Qxe5 29. Kg2 d5 30. Rd1 Rd8 31. Rd4 Qe7 32. b4 Rd7 33. a4 Kg7 34. h6+
Kf7 35. Rf4 Qe6 36. b5 Re7 37. Qa8 Kg6 38. Qf8 Rf7 39. Qg8+ Kxh6 40. a5 Qg6 41.
Qc8 Kg7 42. Qc5 Qe6 43. Rd4 Rd7 44. b6 axb6 45. axb6 Kg6 46. Qc8 Qe7 47. Kg1 Qf7
48. Rb4 Rb7 49. Qc6+ Kg7 50. Rb5 h6 51. Rc5 Rb8 52. Qd6 1-0

[Event "41st Olympiad Women 2014"]
[Site "Tromso NOR"]
[Date "2014.08.06"]
[Round "5.19"]
[Board "3"]
[White "Perez, Dalila"]
[Black "Franco Valencia, Angela"]
[Result "1/2-1/2"]
[BlackTitle "WIM"]
[WhiteElo "1791"]
[BlackElo "2186"]
[WhiteTeam "Paraguay"]
[BlackTeam "Colombia"]
[WhiteFideId "3702014"]
[BlackFideId "4403070"]
[EventDate "2014.08.02"]

1. d4 Nf6 2. c4 e6 3. Nf3 c5 4. e3 cxd4 5. exd4 Bb4+ 6. Bd2 Be7 7. Bd3 Nc6 8.
O-O O-O 9. a3 d5 10. cxd5 exd5 11. h3 Ne4 12. Nc3 Nxd2 13. Qxd2 Bf6 14. Rac1 g6
15. Be2 Bf5 16. Bd3 Qd7 17. Bxf5 Qxf5 18. b4 g5 19. Ne2 a6 20. Ng3 Qg6 21. Rc5
Rfd8 22. Qa2 h5 23. Rxd5 Rxd5 24. Qxd5 Rd8 25. Qe4 g4 26. hxg4 hxg4 27. Qxg6+
fxg6 28. Nh2 Bxd4 29. Nxg4 Bb2 30. Rb1 Bxa3 31. b5 Nb4 32. Ne5 Rd5 33. Nc4 Nc2
34. bxa6 bxa6 35. Rb6 a5 36. Nxa3 Nxa3 37. Rxg6+ Kf7 38. Ra6 Rd1+ 39. Kh2 Nc4
40. Ne4 Kg7 41. Rc6 Nb2 42. Rc2 Rd4 43. Rxb2 Rxe4 44. Rb5 Re2 45. f3 a4 46. Ra5
Ra2 47. Ra6 a3 48. Kg3 Kf7 49. f4 Kg7 50. Kf3 Ra1 51. g3 Kf7 52. Kg4 a2 53. f5
Kg7 54. Kg5 Rg1 55. Ra7+ Kg8 56. Rxa2 Rxg3+ 57. Kf6 Rb3 58. Ra6 Rb1 59. Ra8+ Kh7
60. Re8 Rf1 61. Re5 Kg8 62. Ke7 Ra1 63. Re6 Ra7+ 64. Kf6 Rf7+ 65. Ke5 Ra7 66.
Rd6 Kf7 67. Kf4 Ra1 68. Rd7+ Kf6 69. Rd6+ Kf7 70. Rd7+ Kf6 71. Rd6+ Kf7 72. Rd7+ 1/2-1/2

[Event "41st Olympiad Women 2014"]
[Site "Tromso NOR"]
[Date "2014.08.06"]
[Round "5.19"]
[Board "4"]
[White "Castrillon Gomez, Melissa"]
[Black "Avalos, Leticia"]
[Result "1-0"]
[WhiteTitle "WIM"]
[BlackTitle "WCM"]
[WhiteElo "2168"]
[BlackElo "1687"]
[WhiteTeam "Colombia"]
[BlackTeam "Paraguay"]
[WhiteFideId "4402413"]
[BlackFideId "3702073"]
[EventDate "2014.08.02"]

1. e4 e6 2. d4 d5 3. e5 c5 4. c3 Nc6 5. Nf3 Bd7 6. a3 f6 7. exf6 gxf6 8. Nfd2
Qe7 9. dxc5 Qxc5 10. Qh5+ Kd8 11. Nb3 Qb6 12. Qf7 Kc7 13. Nd4 Nxd4 14. cxd4 Bd6
15. Nc3 a6 16. Na4 Qa5+ 17. Bd2 Qxa4 18. Rc1+ Kb6 19. b3 Qxa3 20. Qxd7 Bb4 21.
Qc7+ Ka7 22. Bxa6 Bxd2+ 23. Kxd2 Qb4+ 24. Ke3 Qb6 25. Qg7 e5 26. Bd3 Qxd4+ 27.
Ke2 e4 28. Ra1+ Kb6 29. Bc2 Rxa1 30. Rxa1 Qxa1 31. Qxh8 Qb2 32. Kd1 Qd4+ 33. Kc1
Qa1+ 34. Bb1 Qa3+ 35. Kd1 Qa1 36. Kc2 Nh6 37. Qd8+ Ka7 38. Qxd5 Ng4 39. h3 Ne5
40. Qxe4 Qa6 41. Qa4 h6 42. Qxa6+ Kxa6 43. Kc3 Kb5 44. f4 Nc6 45. Be4 Nd8 46.
Bf5 Nf7 47. Kd4 Kb4 48. g4 b5 49. h4 Nd6 50. Be6 Ne8 51. g5 fxg5 52. fxg5 hxg5
53. hxg5 Ng7 54. Ke5 Kc5 55. Bf7 1-0

[Event "41st Olympiad Women 2014"]
[Site "Tromso NOR"]
[Date "2014.08.06"]
[Round "5.20"]
[Board "1"]
[White "Exler, Veronika"]
[Black "Harika, Dronavalli"]
[Result "0-1"]
[WhiteTitle "WFM"]
[BlackTitle "GM"]
[WhiteElo "2189"]
[BlackElo "2521"]
[WhiteTeam "Austria"]
[BlackTeam "India"]
[WhiteFideId "1620550"]
[BlackFideId "5015197"]
[EventDate "2014.08.02"]

1. d4 Nf6 2. c4 e6 3. Nf3 d5 4. g3 dxc4 5. Bg2 Bd7 6. Ne5 Bc6 7. Nxc6 Nxc6 8.
Bxc6+ bxc6 9. Qa4 Qd5 10. O-O Qb5 11. Nc3 Qxa4 12. Nxa4 Rb8 13. Bd2 Bb4 14. Rfd1
Ne4 15. Bxb4 Rxb4 16. Nc3 Nxc3 17. bxc3 Rb6 18. Rd2 Kd7 19. Rad1 Rhb8 20. Kg2
Rb1 21. Rxb1 Rxb1 22. Rc2 a5 23. Kf3 a4 24. Ke3 g5 25. Kd2 a3 26. Rc1 Rb5 27. h3
Kd6 28. Rc2 h5 29. g4 hxg4 30. hxg4 f5 31. gxf5 exf5 32. Kc1 g4 33. Rd2 Kd5 34.
Rc2 f4 0-1

[Event "41st Olympiad Women 2014"]
[Site "Tromso NOR"]
[Date "2014.08.06"]
[Round "5.20"]
[Board "2"]
[White "Karavade, Eesha"]
[Black "Newrkla, Katharina"]
[Result "1-0"]
[WhiteTitle "IM"]
[BlackTitle "WFM"]
[WhiteElo "2392"]
[BlackElo "2135"]
[WhiteTeam "India"]
[BlackTeam "Austria"]
[WhiteFideId "5012600"]
[BlackFideId "1621629"]
[EventDate "2014.08.02"]

1. c4 Nf6 2. Nc3 g6 3. d4 Bg7 4. e4 d6 5. Nf3 O-O 6. Be2 e5 7. Be3 Ng4 8. Bg5 f6
9. Bh4 g5 10. Bg3 Nh6 11. c5 g4 12. Nd2 dxc5 13. dxc5 Nc6 14. Bc4+ Kh8 15. Nb3
f5 16. exf5 Bxf5 17. O-O Qg5 18. Re1 Rad8 19. Qc1 Qg6 20. a3 Rd7 21. Rd1 Nd4 22.
Nxd4 exd4 23. Ne2 Qc6 24. Bd3 Bxd3 25. Rxd3 Nf5 26. Qc2 Re8 27. Rdd1 Rd5 28.
Rac1 Nxg3 29. hxg3 Qh6 30. Nf4 Rde5 31. Qd2 Re4 32. Re1 Qc6 33. Rxe4 Qxe4 34.
Rd1 b6 35. b4 Re5 36. Nd3 Re8 37. Re1 Qc6 38. Rxe8+ Qxe8 39. Qg5 bxc5 40. bxc5
Qd7 41. c6 Qd6 42. Qxg4 Qxa3 43. Qc8+ Bf8 44. Qxc7 Bd6 45. Qd8+ Kg7 46. c7 Qa1+
47. Kh2 Bxc7 48. Qxc7+ Kg8 49. Ne5 Qa2 50. Qd8+ 1-0

[Event "41st Olympiad Women 2014"]
[Site "Tromso NOR"]
[Date "2014.08.06"]
[Round "5.20"]
[Board "3"]
[White "Novkovic, Julia"]
[Black "Gomes, Mary Ann"]
[Result "0-1"]
[WhiteTitle "WFM"]
[BlackTitle "WGM"]
[WhiteElo "2131"]
[BlackElo "2352"]
[WhiteTeam "Austria"]
[BlackTeam "India"]
[WhiteFideId "12000086"]
[BlackFideId "5013623"]
[EventDate "2014.08.02"]

1. e4 c5 2. Nc3 a6 3. g3 b5 4. Bg2 Bb7 5. d3 g6 6. Be3 d6 7. Qd2 Bg7 8. f4 Nd7
9. Nh3 Nh6 10. Ng5 b4 11. Nd1 Ng4 12. Bg1 h6 13. h3 hxg5 14. hxg4 Rxh1 15. Bxh1
gxf4 16. gxf4 e5 17. g5 exf4 18. Qxf4 Nf8 19. Be3 Ne6 20. Qg4 c4 21. Qg1 cxd3
22. cxd3 d5 23. Rc1 dxe4 24. dxe4 Qa5 25. Bf3 Qxa2 26. Bb6 Be5 27. Rc2 Qb3 28.
Qg2 Nf4 29. Qe2 0-1

[Event "41st Olympiad Women 2014"]
[Site "Tromso NOR"]
[Date "2014.08.06"]
[Round "5.20"]
[Board "4"]
[White "Padmini, Rout"]
[Black "Hapala, Elisabeth"]
[Result "1-0"]
[WhiteTitle "WGM"]
[WhiteElo "2318"]
[BlackElo "2083"]
[WhiteTeam "India"]
[BlackTeam "Austria"]
[WhiteFideId "5029295"]
[BlackFideId "1622080"]
[EventDate "2014.08.02"]

1. e4 e5 2. Nc3 Nc6 3. Nf3 Nf6 4. Bc4 Nxe4 5. Bxf7+ Kxf7 6. Nxe4 d5 7. Neg5+ Kg8
8. d4 h6 9. Nh3 Bg4 10. dxe5 Nxe5 11. Nhg1 Qd6 12. Be3 Re8 13. h3 Bh5 14. Qd4 c5
15. Qh4 Bg6 16. O-O-O Be7 17. Qg3 Bf6 18. Bf4 Kh7 19. Bxe5 Bxe5 20. Nxe5 Qxe5
21. Qxe5 Rxe5 22. Nf3 Re2 23. Rd2 Rhe8 24. Kd1 Rxd2+ 25. Kxd2 d4 26. a3 a5 27.
Re1 Rxe1 28. Nxe1 Be4 29. f3 Bd5 30. Nd3 b6 31. Ne5 Be6 32. a4 g5 33. c3 Bb3 34.
cxd4 cxd4 35. Kd3 Bxa4 36. Kxd4 Kg7 37. Nc4 Bb5 38. Nxb6 Bf1 39. g4 Bxh3 40. Nc4
Bg2 41. Ke3 Bf1 42. Nxa5 Kf6 43. Ke4 Bb5 44. b4 Be8 45. Nc4 h5 46. gxh5 Bxh5 47.
b5 Ke6 48. Ne5 Kd6 49. b6 g4 50. f4 g3 51. Ke3 Bd1 52. f5 Bb3 53. b7 Kc7 54. Nc6
g2 55. b8=Q+ 1-0

[Event "41st Olympiad Women 2014"]
[Site "Tromso NOR"]
[Date "2014.08.06"]
[Round "5.21"]
[Board "2"]
[White "Frayna, Janelle Mae"]
[Black "Videnova, Iva"]
[Result "0-1"]
[WhiteTitle "WFM"]
[BlackTitle "WGM"]
[WhiteElo "2205"]
[BlackElo "2342"]
[WhiteTeam "Philippines"]
[BlackTeam "Bulgaria"]
[WhiteFideId "5212499"]
[BlackFideId "2907763"]
[EventDate "2014.08.02"]

1. Nf3 c5 2. c4 g6 3. g3 Bg7 4. Bg2 Nc6 5. Nc3 e6 6. d3 Nge7 7. Bg5 h6 8. Bd2
O-O 9. O-O d5 10. a3 b6 11. Rb1 a5 12. Qc1 Kh7 13. Nb5 a4 14. Bf4 e5 15. cxd5
Nxd5 16. Bd2 Be6 17. Nc3 Nde7 18. Ne4 Rc8 19. Be3 Nd4 20. Qd2 Ba2 21. Rbe1 Bb3
22. Nc3 f5 23. Rc1 Qd7 24. Bxd4 cxd4 25. Nb1 e4 26. dxe4 fxe4 27. Nh4 Qe6 28.
Bh1 e3 29. fxe3 dxe3 30. Qb4 Bxb2 31. Rxc8 Rxc8 32. Nf3 Rc4 33. Qb5 Rc5 34. Qb4
Nd5 35. Nd4 Nxb4 36. Nxe6 Bxe6 37. axb4 Rc1 0-1

[Event "41st Olympiad Women 2014"]
[Site "Tromso NOR"]
[Date "2014.08.06"]
[Round "5.21"]
[Board "3"]
[White "Nikolova, Adriana"]
[Black "Fronda, Jan Jodilyn"]
[Result "1/2-1/2"]
[WhiteTitle "WGM"]
[WhiteElo "2325"]
[BlackElo "2098"]
[WhiteTeam "Bulgaria"]
[BlackTeam "Philippines"]
[WhiteFideId "2908689"]
[BlackFideId "5204585"]
[EventDate "2014.08.02"]

1. e4 c5 2. c3 d5 3. exd5 Qxd5 4. d4 g6 5. Na3 Bg7 6. Nb5 Na6 7. dxc5 Qxd1+ 8.
Kxd1 Nf6 9. Nf3 O-O 10. Be3 Ng4 11. c6 bxc6 12. Nbd4 Nxe3+ 13. fxe3 Rd8 14. Ke1
Rd6 15. Nb3 Nc7 16. Kf2 Rb8 17. Bc4 a5 18. e4 a4 19. e5 Rd8 20. Nbd4 Rxb2+ 21.
Kg3 Bb7 22. Rhb1 Rxb1 23. Rxb1 Ba8 24. Rb6 c5 25. Nc6 Re8 26. e6 fxe6 27. Ng5
Bxc3 28. Nxe6 Nxe6 29. Bxe6+ Kg7 30. Bd7 Rf8 31. Ra6 Bb7 32. Ra7 Bc8 33. Bxc8
Rxc8 34. Nxe7 Be5+ 35. Kf3 Rc7 36. Rxc7 Bxc7 37. h3 Kf7 38. Nd5 Ba5 39. Ke4 Ke6
40. Ne3 Bb4 41. Nc4 a3 42. Ne3 Bc3 43. Nc4 Bb2 44. Nb6 Kd6 45. Nc4+ Kc6 46. Ne3
Bc1 47. Nc4 Kb5 1/2-1/2

[Event "41st Olympiad Women 2014"]
[Site "Tromso NOR"]
[Date "2014.08.06"]
[Round "5.21"]
[Board "4"]
[White "Bernales, Christy Lamiel"]
[Black "Voiska, Margarita"]
[Result "0-1"]
[BlackTitle "WGM"]
[WhiteElo "2055"]
[BlackElo "2279"]
[WhiteTeam "Philippines"]
[BlackTeam "Bulgaria"]
[WhiteFideId "5204534"]
[BlackFideId "2900602"]
[EventDate "2014.08.02"]

1. e4 d6 2. d4 Nf6 3. Nc3 e5 4. Nf3 Nbd7 5. Bc4 Be7 6. O-O O-O 7. h3 c6 8. a4 a5
9. dxe5 dxe5 10. Bg5 h6 11. Bh4 Nh5 12. Bg3 Nxg3 13. fxg3 Qb6+ 14. Kh2 Qxb2 15.
Ne2 Qb4 16. Bd3 Qd6 17. Nd2 Nc5 18. Rf3 Be6 19. Qf1 Nxd3 20. Rxd3 Qc7 21. Nc1
Rad8 22. Rxd8 Rxd8 23. Nd3 c5 24. Nf3 c4 25. Nf2 Bc5 26. Rb1 Bd4 27. g4 Bd7 28.
g5 hxg5 29. Nxg5 Be3 30. Nf3 Bxa4 31. Ng4 Bf4+ 32. g3 Bxc2 33. Rb5 Bd3 34. Qf2
Bxe4 35. gxf4 Bxf3 36. Qxf3 Rd2+ 37. Kh1 exf4 38. Rxb7 Qd6 39. Ra7 c3 40. Qa8+
Qd8 41. Qxd8+ Rxd8 42. Rc7 Rd3 43. Nf2 Rg3 44. Kh2 Re3 45. Kg2 a4 46. Nd1 Rg3+
47. Kf2 Rxh3 48. Nxc3 a3 49. Kg2 Rd3 50. Ne4 f5 51. Nf2 Rg3+ 52. Kh2 Rb3 53. Ra7
g5 54. Nh3 Rb2+ 55. Kh1 a2 56. Ng1 g4 57. Ra8+ Kg7 58. Ra5 f3 59. Rxf5 f2 0-1

[Event "41st Olympiad Women 2014"]
[Site "Tromso NOR"]
[Date "2014.08.06"]
[Round "5.22"]
[Board "3"]
[White "Isgandarova, Khayala"]
[Black "Roy, Ali"]
[Result "1-0"]
[WhiteTitle "WIM"]
[WhiteElo "2190"]
[BlackElo "1913"]
[WhiteTeam "Turkey"]
[BlackTeam "Scotland"]
[WhiteFideId "13401823"]
[BlackFideId "2400456"]
[EventDate "2014.08.02"]

1. e4 c5 2. Nf3 Nc6 3. d4 cxd4 4. Nxd4 g6 5. c4 Bg7 6. Be3 Nf6 7. Nc3 O-O 8. Be2
d6 9. O-O Bd7 10. f3 a5 11. Nd5 Nxd5 12. cxd5 Nxd4 13. Bxd4 f5 14. Bxg7 Kxg7 15.
Qd4+ Kg8 16. exf5 Bxf5 17. g4 Bd7 18. f4 b5 19. f5 Rf6 20. fxg6 Rxg6 21. Kh1 e5
22. dxe6 Bc6+ 23. Bf3 Qe8 24. e7 Bxf3+ 25. Rxf3 Qc6 26. Qf4 Qe8 27. Qe3 1-0

[Event "41st Olympiad Women 2014"]
[Site "Tromso NOR"]
[Date "2014.08.06"]
[Round "5.22"]
[Board "4"]
[White "Groves, Carey"]
[Black "Topel, Zehra"]
[Result "0-1"]
[WhiteTitle "WFM"]
[BlackTitle "WIM"]
[WhiteElo "2027"]
[BlackElo "2156"]
[WhiteTeam "Scotland"]
[BlackTeam "Turkey"]
[WhiteFideId "2401207"]
[BlackFideId "6302661"]
[EventDate "2014.08.02"]

1. Nf3 g6 2. c4 Bg7 3. Nc3 f5 4. d4 Nf6 5. Qc2 d6 6. e4 O-O 7. Bd3 fxe4 8. Nxe4
Nc6 9. Nxf6+ exf6 10. Be3 Bg4 11. Be2 f5 12. d5 Bxf3 13. Bxf3 Ne5 14. O-O-O c5
15. dxc6 bxc6 16. Bd4 Rb8 17. b3 Qc7 18. Rhe1 a5 19. Qc3 c5 20. Bd5+ Kh8 21.
Bxe5 Bxe5 22. Qc2 a4 23. Rd3 axb3 24. axb3 Qa5 25. Kd1 Rfe8 26. Rde3 f4 27. Re4
Qa3 28. Ke2 Rxb3 29. Kf1 Reb8 30. R4e2 Qa5 31. Qe4 Qd8 32. Ra2 Qh4 33. Kg1 Qh5
34. h3 Qg5 35. Qe2 Rxh3 36. Ra8 Rxa8 37. Bxa8 f3 38. Qxf3 Rxf3 39. Bxf3 Qd2 40.
Rf1 Qf4 0-1

[Event "41st Olympiad Women 2014"]
[Site "Tromso NOR"]
[Date "2014.08.06"]
[Round "5.23"]
[Board "1"]
[White "Reizniece-Ozola, Dana"]
[Black "Berezina, Irina"]
[Result "1/2-1/2"]
[WhiteTitle "WGM"]
[BlackTitle "IM"]
[WhiteElo "2278"]
[BlackElo "2182"]
[WhiteTeam "Latvia"]
[BlackTeam "Australia"]
[WhiteFideId "11601124"]
[BlackFideId "3201937"]
[EventDate "2014.08.02"]

1. c4 Nf6 2. g3 g6 3. Bg2 Bg7 4. Nf3 O-O 5. O-O d6 6. Nc3 e5 7. d4 Nbd7 8. h3 a5
9. e4 c6 10. Be3 Qe7 11. Re1 Ne8 12. Qb3 Nc7 13. Bg5 Bf6 14. Bxf6 Qxf6 15. c5
dxc5 16. d5 Re8 17. Rad1 h6 18. Rd2 Ra6 19. Qd1 b5 20. Nh2 Nb6 21. d6 Ne6 22.
Ng4 Qg7 23. d7 Bxd7 24. Rxd7 Nxd7 25. Qxd7 Rd8 26. Qb7 Rda8 27. Qe7 h5 28. Nf6+
Kh8 29. Rd1 R6a7 30. Rd7 Rxd7 31. Nxd7 a4 32. Nxc5 Nxc5 33. Qxc5 Qf6 34. Qb6 Qe6
35. Bf1 Kg7 36. h4 Qf6 37. Kg2 Rd8 38. Qe3 Qd6 39. Qb6 Qf6 40. Qe3 Qd6 41. Be2
a3 42. bxa3 1/2-1/2

[Event "41st Olympiad Women 2014"]
[Site "Tromso NOR"]
[Date "2014.08.06"]
[Round "5.23"]
[Board "2"]
[White "Nguyen, Thu Giang"]
[Black "Rogule, Laura"]
[Result "1/2-1/2"]
[WhiteTitle "WFM"]
[BlackTitle "WGM"]
[WhiteElo "2165"]
[BlackElo "2347"]
[WhiteTeam "Australia"]
[BlackTeam "Latvia"]
[WhiteFideId "12400980"]
[BlackFideId "11601876"]
[EventDate "2014.08.02"]

1. e4 c5 2. Nf3 Nc6 3. Bb5 g6 4. O-O Bg7 5. c3 Nf6 6. Re1 O-O 7. h3 a6 8. Bf1 b5
9. a4 b4 10. d3 Bb7 11. Be3 d6 12. Nbd2 Rc8 13. Rc1 bxc3 14. bxc3 Na5 15. d4
cxd4 16. cxd4 Rxc1 17. Qxc1 Nxe4 18. Nxe4 Bxe4 19. Bg5 d5 20. Qc5 Nb3 21. Qc3
Qb6 22. Bxe7 Nxd4 23. Qc5 Qxc5 24. Bxc5 Bxf3 25. Bxd4 Bxd4 26. gxf3 a5 27. Rd1
Bc3 28. Rxd5 Re8 29. Rd7 Re1 30. Kg2 Kf8 31. Bc4 Re7 32. Rxe7 Kxe7 33. Bb5 f6
34. Bc6 Kd6 35. Bb5 Ke5 36. Kg3 Be1 37. f4+ Kd4 38. Kf3 Bd2 39. Bd7 Kd5 40. Bb5
Bb4 1/2-1/2

[Event "41st Olympiad Women 2014"]
[Site "Tromso NOR"]
[Date "2014.08.06"]
[Round "5.23"]
[Board "3"]
[White "Berzina, Ilze"]
[Black "Guo, Emma"]
[Result "1/2-1/2"]
[WhiteTitle "WGM"]
[BlackTitle "WIM"]
[WhiteElo "2247"]
[BlackElo "2044"]
[WhiteTeam "Latvia"]
[BlackTeam "Australia"]
[WhiteFideId "11601345"]
[BlackFideId "3200795"]
[EventDate "2014.08.02"]

1. e4 e5 2. Nf3 Nc6 3. Bb5 a6 4. Ba4 Nf6 5. O-O Be7 6. Re1 b5 7. Bb3 O-O 8. h3
Bb7 9. d3 d5 10. exd5 Nxd5 11. Nxe5 Nxe5 12. Rxe5 Qd6 13. Re1 Rae8 14. Nd2 c5
15. Ne4 Qc6 16. c4 Nb6 17. cxb5 axb5 18. a4 Rd8 19. axb5 Qxb5 20. Nc3 Qc6 21.
Qg4 Bf6 22. Be3 Rxd3 23. Bc2 Rxc3 24. bxc3 Bxc3 25. f3 Bxa1 26. Rxa1 Nd5 27. Qh4
g6 28. Bh6 Rc8 29. Be4 f5 30. Bxd5+ Qxd5 31. Kh1 Qd4 32. Qe1 Kf7 33. Rb1 Bc6 34.
Qa5 c4 35. Qb4 Re8 36. Rc1 Bd5 37. Bg5 Qe5 38. Qc5 f4 39. Bxf4 Qxf4 40. Qxd5+
Kg7 41. Qd7+ 1/2-1/2

[Event "41st Olympiad Women 2014"]
[Site "Tromso NOR"]
[Date "2014.08.06"]
[Round "5.23"]
[Board "4"]
[White "Dekic, Biljana N."]
[Black "Skinke, Katrina"]
[Result "0-1"]
[WhiteTitle "WIM"]
[BlackTitle "WIM"]
[WhiteElo "2048"]
[BlackElo "2217"]
[WhiteTeam "Australia"]
[BlackTeam "Latvia"]
[WhiteFideId "3200493"]
[BlackFideId "11602260"]
[EventDate "2014.08.02"]

1. e4 g6 2. d4 Bg7 3. f4 d6 4. Nc3 a6 5. Nf3 b5 6. Be3 Bb7 7. Bd3 Nd7 8. e5 c5
9. Be4 Qc8 10. O-O b4 11. Bxb7 Qxb7 12. Na4 Qc6 13. c3 bxc3 14. bxc3 Nh6 15. Rb1
O-O 16. h3 Rab8 17. Rxb8 Rxb8 18. Rf2 Nf5 19. Bc1 Rb1 20. Nb2 cxd4 21. Qc2 Ra1
22. Nd3 dxc3 23. Kh2 Qc4 24. g4 Nd4 25. Nxd4 Qxd4 26. exd6 Qxd6 27. Be3 Qd5 28.
Nc1 Nf6 29. Bb6 Qc6 30. Ba7 h5 31. g5 Nd5 32. Kg3 Nb4 33. Qd1 Qc7 34. Be3 e6 35.
Qa4 Nd5 36. Nb3 Re1 37. Bc5 e5 38. Qxa6 exf4+ 39. Kh4 Ne3 40. Bxe3 Rxe3 41. Qa8+
Kh7 0-1

[Event "41st Olympiad Women 2014"]
[Site "Tromso NOR"]
[Date "2014.08.06"]
[Round "5.24"]
[Board "1"]
[White "Cramling, Pia"]
[Black "Machlik, Monika"]
[Result "1-0"]
[WhiteTitle "GM"]
[WhiteElo "2500"]
[BlackElo "2081"]
[WhiteTeam "Sweden"]
[BlackTeam "Norway 2"]
[WhiteFideId "1700030"]
[BlackFideId "1513621"]
[EventDate "2014.08.02"]

1. Nf3 d5 2. g3 c6 3. Bg2 Nf6 4. c4 dxc4 5. O-O e6 6. a4 Be7 7. Na3 O-O 8. Nxc4
Nbd7 9. a5 Nc5 10. b3 Ne8 11. Bb2 f6 12. d4 Na6 13. Ne1 Nec7 14. Nd3 Bd7 15. e3
Be8 16. Qe2 Bf7 17. Rfd1 Nb5 18. h4 Qc7 19. e4 Rad8 20. Nf4 Rfe8 21. Qg4 Bb4 22.
Qf3 Rd7 23. Bh3 Rde7 24. Kh2 Kh8 25. h5 h6 26. Rd3 Nb8 27. Ra4 Na6 28. Qg4 Rd8
29. Ra1 Ree8 30. Qf3 Nb8 31. Ra4 Na6 32. Rd1 Bf8 33. Raa1 Nb8 34. Qg4 Na6 35.
Ng6+ Bxg6 36. Qxg6 Bb4 37. Rac1 Nd6 38. d5 Nc5 39. e5 Nxc4 40. Rxc4 Na6 41. exf6
e5 42. Bf5 gxf6 43. Qxh6+ 1-0

[Event "41st Olympiad Women 2014"]
[Site "Tromso NOR"]
[Date "2014.08.06"]
[Round "5.24"]
[Board "3"]
[White "Frisk, Ellinor"]
[Black "Jorgensen, Line Jin"]
[Result "1-0"]
[WhiteTitle "WFM"]
[WhiteElo "2257"]
[BlackElo "1939"]
[WhiteTeam "Sweden"]
[BlackTeam "Norway 2"]
[WhiteFideId "1708481"]
[BlackFideId "1505467"]
[EventDate "2014.08.02"]

1. Nf3 d5 2. c4 d4 3. b4 f6 4. Na3 e5 5. Nc2 a5 6. b5 Bc5 7. d3 Ne7 8. g3 O-O 9.
Bg2 Qd6 10. O-O f5 11. e3 dxe3 12. fxe3 Nd7 13. d4 Ba7 14. c5 Qf6 15. Bd2 Bb8
16. Na3 c6 17. b6 e4 18. Ne1 Nd5 19. Bxe4 Qe6 20. Bg2 Nxe3 21. Qe2 Re8 22. Qxe3
Qxe3+ 23. Bxe3 Rxe3 24. Nec2 Re2 25. Rae1 Rxe1 26. Rxe1 Nf6 27. Nc4 Kf8 28. Ne5
Bxe5 29. Rxe5 Bd7 30. Ne3 Re8 31. Rxe8+ Kxe8 32. Nc4 Kd8 33. Nxa5 Kc8 34. Nc4
Kb8 35. Nd6 1-0